Statistics for Countries Ariana Grande has Visited

Click here to take the quiz!

General Stats

  • This quiz has been taken 536 times
    (142 since last reset)
  • The average score is 23 of 32

Answer Stats

ContinentCountry% Correct
EuropeFrance
97%
EuropeSpain
94%
EuropeItaly
93%
South AmericaBrazil
92%
North AmericaCanada
92%
EuropeUnited Kingdom
91%
AsiaChina
90%
OceaniaAustralia
89%
AsiaJapan
89%
EuropeGermany
88%
North AmericaUnited States of America
87%
South AmericaArgentina
86%
North AmericaMexico
81%
EuropePortugal
79%
EuropeBelgium
76%
EuropeSwitzerland
74%
South AmericaChile
72%
AsiaSouth Korea
71%
EuropeAustria
69%
EuropeNorway
69%
EuropeSweden
69%
EuropeFinland
66%
EuropeIreland
66%
OceaniaNew Zealand
66%
EuropeDenmark
64%
Europethe Netherlands
64%
AsiaThailand
57%
EuropeCzech Republic
45%
AsiaSingapore
41%
Asiathe Philippines
41%
AsiaTaiwan
39%
North AmericaCosta Rica
38%

Score Distribution

Percentile by Number Answered

Percent of People with Each Score

Your Score History

You have not taken this quiz since the last reset